000 00324nam a22001337a 4500
999 _c55083
_d55083
008 200205b ||||| |||| 00| 0 eng d
041 _aeng
080 _2043.3
_a043.3
082 _a043.3
100 _a0
101 _aBTH
245 _aKujdesi Infermieror ndaj Fëmijëve me Diabet Melit Tipi 1
_cNuzi,D
942 _2udc
_cBK